Účasť vládnych orgánov na tripartite vo vybraných krajinách Európy (sveta)

Salvato in:
Dettagli Bibliografici
Autore principale: Demko, Peter
Natura: Libro
Lingua:slovacco
Pubblicazione: Bratislava Výskumný ústav práce a sociálnych vecí 1991
Edizione:1. vyd.
Tags: Aggiungi Tag
Nessun Tag, puoi essere il primo ad aggiungerne!!

MARC

LEADER 00000nam a2200000 4500
001 c032821
005 20221128074210.0
041 0 |a slo 
044 |a SK 
245 1 0 |a Účasť vládnych orgánov na tripartite vo vybraných krajinách Európy (sveta)  |c Peter Demko 
250 |a 1. vyd. 
264 1 |a Bratislava  |b Výskumný ústav práce a sociálnych vecí  |c 1991 
300 |a 25 s. 
100 1 |a Demko, Peter